[Event "Olympiad Women-43"]
[Site "Batumi"]
[Date "2018.10.05"]
[Round "11.4"]
[White "Shibata, Misaki"]
[Black "Ui Laighleis, Gearoidin"]
[Result "1/2-1/2"]
[WhiteElo "1605"]
[BlackElo "1791"]
[PlyCount "110"]
[EventDate "2018.09.24"]
[EventType "team-swiss"]
[EventRounds "11"]
[EventCountry "GEO"]
[SourceTitle "EXT 2020"]
[Source "ChessBase"]
[SourceDate "2019.10.17"]
[SourceVersion "1"]
[SourceVersionDate "2019.10.17"]
[SourceQuality "1"]
[WhiteTeam "Japan (W)"]
[BlackTeam "Ireland (W)"]
[WhiteTeamCountry "JPN"]
[BlackTeamCountry "IRL"]

1. d4 d5 2. c4 e6 3. Nc3 Nf6 4. Bg5 Be7 5. e3 0-0 6. Rc1 Nbd7 7. Nf3 a6 8. Bd3 dxc4 9. Bxc4 b5 10. Bd3 Bb7 11. 0-0 Re8 12. Qe2 Rc8 13. Rfd1 c6 14. a3 Qb6 15. b4 h6 16. Bh4 Nd5 17. Bxe7 Rxe7 18. Ne4 Rd8 19. Qb2 N5f6 20. Nc5 Nxc5 21. dxc5 Qc7 22. h3 Rd5 23. e4 Rd8 24. Bb1 Rxd1+ 25. Rxd1 Rd7 26. Qc2 Rxd1+ 27. Qxd1 Qd7 28. Qc2 g6 29. Qe2 Nh5 30. Bc2 Nf6 31. Qe3 Kg7 32. Qc3 Qd8 33. Ne5 Ba8 34. Nf3 Bb7 35. Ne5 Ba8 36. f4 Kg8 37. Nf3 Nh5 38. Qe3 Nf6 39. Nd2 Kg7 40. Qf2 Bb7 41. e5 Nd5 42. Ne4 Qe7 43. Qg3 Bc8 44. Qf2 Bd7 45. g3 Be8 46. Qf3 Qd8 47. Nd6 Ne7 48. Be4 Nd5 49. Kh2 Qd7 50. h4 Qd8 51. Kh3 Bd7 52. Kh2 Qe7 53. Kh3 Qd8 54. Bc2 Qe7 55. g4 f6 1/2-1/2

[Event "Olympiad Women-42"]
[Site "Baku"]
[Date "2016.09.13"]
[Round "11.4"]
[White "Ui Laighleis, Gearoidin"]
[Black "Odinaeva, Saodat"]
[Result "1/2-1/2"]
[WhiteElo "1795"]
[BlackElo "1881"]
[PlyCount "212"]
[EventDate "2016.09.02"]
[EventType "team-swiss"]
[EventRounds "11"]
[EventCountry "AZE"]
[SourceTitle "CBM 174 Extra"]
[Source "ChessBase"]
[SourceDate "2016.10.10"]
[SourceVersion "1"]
[SourceVersionDate "2016.10.10"]
[SourceQuality "1"]
[WhiteTeam "Ireland (W)"]
[BlackTeam "Tajikistan (W)"]
[WhiteTeamCountry "IRL"]
[BlackTeamCountry "TJK"]

1. d4 Nf6 2. Nf3 d5 3. e3 g6 4. b3 Bg7 5. Bb2 0-0 6. Be2 Nbd7 7. 0-0 b6 8. Nbd2 Bb7 9. Ne5 c5 10. f4 Rc8 11. Ndf3 Ne4 12. Nxd7 Qxd7 13. Ne5 Qc7 14. c4 e6 15. Rc1 Rfd8 16. Qc2 f6 17. Ng4 Qc6 18. cxd5 exd5 19. dxc5 bxc5 20. Bf3 Re8 21. Rfe1 Re7 22. Rcd1 Rce8 23. Nf2 Qb6 24. Ng4 Re6 25. Nf2 Kh8 26. Nxe4 dxe4 27. Be2 Rd6 28. Rxd6 Qxd6 29. Rd1 Qb6 30. Bc4 Ba6 31. Rd5 Bxc4 32. Qxc4 Qa5 33. Qc1 Qxa2 34. Rxc5 Qxb3 35. Rc6 a5 36. Rc3 Qb4 37. Rc4 Qb3 38. Rc3 Qb6 39. Rc6 Qb3 40. Rc8 Qe6 41. Rc6 Qb3 42. Rc8 Qe6 43. Rc6 Qb3 44. Bd4 a4 45. Rc8 Qb5 46. Rc5 Qb7 47. Rc7 Qb3 48. Rc8 Qe6 49. Rc6 Qb3 50. Ra6 Rb8 51. Rc6 a3 52. Rc3 Qe6 53. Rxa3 Rc8 54. Rc3 Rf8 55. Rc6 Qf5 56. h3 h5 57. Rc5 Qe6 58. Rc6 Qf5 59. Qc3 Kh7 60. Rc7 Qe6 61. Qc5 Rf7 62. Rc6 Qd7 63. Rd6 Qb7 64. Rb6 Qd7 65. Rd6 Qb7 66. Rc6 f5 67. Bxg7 Rxg7 68. Re6 Qb1+ 69. Kh2 Qe1 70. Re7 Qa1 71. Rxg7+ Qxg7 72. Kg3 Kh6 73. h4 Kh7 74. Qe5 Kg8 75. Qe8+ Kh7 76. Qe5 Qf7 77. Qd4 Kg8 78. Qd8+ Kh7 79. Qd4 Kg8 80. Qb6 Kg7 81. Qb2+ Qf6 82. Qb7+ Qf7 83. Qb2+ Qf6 84. Qe5 Kf7 85. Qc7+ Qe7 86. Qe5 Qb4 87. Qd5+ Kf6 88. Qe5+ Kf7 89. Qd5+ Kf6 90. Qd8+ Kf7 91. Qc7+ Kf6 92. Qd8+ Kf7 93. Qd5+ Kf6 94. Qd8+ Kf7 95. Qd5+ Kf6 96. Kf2 Qb2+ 97. Kg3 Qe2 98. Qe5+ Kf7 99. Qd5+ Kf6 100. Qd8+ Kf7 101. Qd5+ Kf6 102. Qd4+ Kf7 103. Qa7+ Kf6 104. Qb6+ Kf7 105. Qc7+ Kf6 106. Qd6+ Kf7 1/2-1/2

[Event "Olympiad Women-42"]
[Site "Baku"]
[Date "2016.09.11"]
[Round "9.4"]
[White "Molina, Jessica"]
[Black "Ui Laighleis, Gearoidin"]
[Result "1-0"]
[WhiteElo "1883"]
[BlackElo "1795"]
[PlyCount "145"]
[EventDate "2016.09.02"]
[EventType "team-swiss"]
[EventRounds "11"]
[EventCountry "AZE"]
[SourceTitle "CBM 174 Extra"]
[Source "ChessBase"]
[SourceDate "2016.10.10"]
[SourceVersion "1"]
[SourceVersionDate "2016.10.10"]
[SourceQuality "1"]
[WhiteTeam "Bolivia (W)"]
[BlackTeam "Ireland (W)"]
[WhiteTeamCountry "BOL"]
[BlackTeamCountry "IRL"]

1. f4 d5 2. Nf3 g6 3. e3 Bg7 4. d4 Nf6 5. Bd3 0-0 6. 0-0 b6 7. c3 Bb7 8. Bd2 Nbd7 9. Be1 c5 10. Nbd2 c4 11. Bc2 Ng4 12. Qe2 b5 13. a3 a6 14. h3 Ngf6 15. g4 Rc8 16. Qg2 Qb6 17. Ne5 Qd8 18. g5 Ne8 19. h4 Nd6 20. Qh3 f5 21. Ndf3 Nf7 22. h5 Nfxe5 23. fxe5 e6 24. Rf2 Qe8 25. Rh2 Kf7 26. h6 Bh8 27. Bg3 Rg8 28. Rf2 Ke7 29. Qf1 Rf8 30. a4 Ra8 31. b3 Nb6 32. Qb1 Qd8 33. Bd1 Qc7 34. Qc1 Rfc8 35. Qa3+ Ke8 36. a5 Nd7 37. Qd6 Qxd6 38. exd6 Bc6 39. bxc4 dxc4 40. Rd2 Bd5 41. Nh4 Kf7 42. Bf3 Re8 43. Rf1 Kg8 44. Kf2 Rad8 45. Re1 Bxf3 46. Nxf3 Nb8 47. e4 fxe4 48. Rxe4 Nc6 49. Rde2 Kf7 50. Rf4+ Kg8 51. Rfe4 Kf7 52. Be5 Bxe5 53. Nxe5+ Nxe5 54. Rf4+ Kg8 55. dxe5 Rd7 56. Ke3 Rc8 57. Rf6 Rc5 58. Rxe6 Kf7 59. Rf6+ Kg8 60. Kd4 Rc8 61. Kd5 Rcd8 62. Ref2 Re7 63. Rf8+ Rxf8 64. dxe7 Rxf2 65. e8Q+ Rf8 66. Qe6+ Rf7 67. Qxa6 Rf3 68. Qxb5 Rd3+ 69. Ke6 Rd8 70. Qxc4 Re8+ 71. Kd7+ Kf8 72. Qf4+ Kg8 73. Kxe8 1-0

[Event "Olympiad Women-42"]
[Site "Baku"]
[Date "2016.09.09"]
[Round "7.4"]
[White "Perez, Cecilia Manuela"]
[Black "Ui Laighleis, Gearoidin"]
[Result "0-1"]
[WhiteElo "1621"]
[BlackElo "1795"]
[PlyCount "122"]
[EventDate "2016.09.02"]
[EventType "team-swiss"]
[EventRounds "11"]
[EventCountry "AZE"]
[SourceTitle "CBM 174 Extra"]
[Source "ChessBase"]
[SourceDate "2016.10.10"]
[SourceVersion "1"]
[SourceVersionDate "2016.10.10"]
[SourceQuality "1"]
[WhiteTeam "Uruguay (W)"]
[BlackTeam "Ireland (W)"]
[WhiteTeamCountry "URU"]
[BlackTeamCountry "IRL"]

1. Nf3 Nf6 2. d4 e6 3. e3 b6 4. Bd3 Bb7 5. Nbd2 d5 6. b3 Be7 7. Bb2 0-0 8. 0-0 Nbd7 9. Ne5 Rc8 10. f4 Re8 11. Rf3 Nf8 12. Rh3 Ne4 13. Bxe4 dxe4 14. Ndc4 c5 15. Qh5 g6 16. Rg3 Bf6 17. Qh3 Bd5 18. dxc5 Bxc4 19. Nxc4 Bxb2 20. Nxb2 Rxc5 21. c4 Qd2 22. Na4 Rcc8 23. f5 exf5 24. Qxf5 Qc2 25. Rf1 Rc7 26. Qf2 Qxf2+ 27. Rxf2 Rd7 28. Nc3 Rd3 29. Nd5 Rd1+ 30. Rf1 Rxf1+ 31. Kxf1 Re6 32. Rg4 f5 33. Rf4 Nd7 34. g4 fxg4 35. Rxg4 Kg7 36. Rf4 Nc5 37. Nc3 Nd3 38. Rxe4 Rxe4 39. Nxe4 Ne5 40. Ke2 h6 41. Nd6 a5 42. Nc8 Nd7 43. Kd3 Kf6 44. Kd4 Ke6 45. h4 g5 46. hxg5 hxg5 47. Ke4 Kf6 48. Kf3 Ne5+ 49. Kg3 Nd7 50. e4 Kg6 51. e5 Kf5 52. a3 Kxe5 53. Kg4 Kf6 54. Nxb6 Nxb6 55. c5 Nd5 56. c6 Nc7 57. b4 axb4 58. axb4 Kg6 59. Kf3 Kf5 60. Kg3 g4 61. Kg2 Ke5 0-1

[Event "Olympiad Women-42"]
[Site "Baku"]
[Date "2016.09.04"]
[Round "3.34"]
[White "Ui Laighleis, Gearoidin"]
[Black "Toubal, Hayat"]
[Result "1/2-1/2"]
[WhiteElo "1795"]
[BlackElo "1921"]
[PlyCount "93"]
[EventDate "2016.09.02"]
[EventType "team-swiss"]
[EventRounds "11"]
[EventCountry "AZE"]
[SourceTitle "CBM 174 Extra"]
[Source "ChessBase"]
[SourceDate "2016.10.10"]
[SourceVersion "1"]
[SourceVersionDate "2016.10.10"]
[SourceQuality "1"]
[WhiteTeam "Ireland (W)"]
[BlackTeam "Algeria (W)"]
[WhiteTeamCountry "IRL"]
[BlackTeamCountry "ALG"]

1. d4 d5 2. Nf3 Nf6 3. e3 Bf5 4. Be2 e6 5. 0-0 Nbd7 6. c4 dxc4 7. Bxc4 c6 8. a3 a5 9. Nc3 Bd6 10. Qb3 Qb6 11. Qxb6 Nxb6 12. Be2 h6 13. h3 0-0 14. Ne5 Rfd8 15. f4 Ne4 16. Nxe4 Bxe4 17. Bd2 c5 18. Nc4 Nxc4 19. Bxc4 cxd4 20. exd4 Bxa3 21. Rxa3 Rxd4 22. Rxa5 Rxa5 23. Bxa5 Rxc4 24. Bc3 b5 25. Be5 f6 26. Bd6 Rd4 27. Bc5 Rd2 28. Rf2 Rxf2 29. Kxf2 h5 30. g3 g5 31. h4 gxf4 32. gxf4 Kf7 33. Kg3 e5 34. fxe5 fxe5 35. Bf2 Kf6 36. Be1 Kf5 37. b4 Bh1 38. Kf2 Ke4 39. Ke2 Bf3+ 40. Kf2 Bg4 41. Bd2 Kd4 42. Be3+ Kc3 43. Bc5 e4 44. Ke3 Bf3 45. Be7 Kc2 46. Bc5 Kc3 47. Be7 1/2-1/2

[Event "Olympiad Women-41"]
[Site "Tromsoe"]
[Date "2014.08.10"]
[Round "8.3"]
[White "Jacimovic, Sara"]
[Black "Ui Laighleis, Gearoidin"]
[Result "1/2-1/2"]
[WhiteElo "2032"]
[BlackElo "1830"]
[PlyCount "136"]
[EventDate "2014.08.02"]
[EventType "team-swiss"]
[EventRounds "11"]
[EventCountry "NOR"]
[SourceTitle "CBM 162"]
[Source "ChessBase"]
[SourceDate "2014.09.17"]
[SourceVersion "1"]
[SourceVersionDate "2014.09.17"]
[SourceQuality "1"]
[WhiteTeam "Bosnia&Hercegovina (W)"]
[BlackTeam "Ireland (W)"]
[WhiteTeamCountry "BIH"]
[BlackTeamCountry "IRL"]

1. d4 d5 2. e3 Nf6 3. c4 e6 4. Nc3 Be7 5. Nf3 0-0 6. Bd3 h6 7. 0-0 b6 8. cxd5 Nxd5 9. Nxd5 Qxd5 10. Qc2 c6 11. Ne5 Bb7 12. f3 Bf6 13. Be4 Qd6 14. f4 Bxe5 15. fxe5 Qd7 16. Qf2 Na6 17. Qg3 c5 18. Bb1 Kh8 19. Rf4 f5 20. exf6 Rxf6 21. Rxf6 gxf6 22. Qh4 Qg7 23. Be4 Bxe4 24. Qxe4 Rg8 25. g3 Qg4 26. Qxg4 Rxg4 27. Bd2 cxd4 28. exd4 h5 29. Bc3 Re4 30. d5 e5 31. Kf2 Nc5 32. h3 Rc4 33. Ke3 Nd7 34. Rf1 Kg7 35. Rg1 a5 36. g4 hxg4 37. Rxg4+ Rxg4 38. hxg4 Kg6 39. Bd2 f5 40. gxf5+ Kxf5 41. Kd3 Nc5+ 42. Kc4 e4 43. Kb5 Nd7 44. Bc3 e3 45. Kc6 Ne5+ 46. Kxb6 e2 47. Kc7 a4 48. a3 Kf6 49. Kd6 Kf5 50. Ke7 Ng6+ 51. Ke8 Ne5 52. Ke7 Ng6+ 53. Kd6 Ne5 54. Kc7 Kf6 55. Kb6 Ke7 56. Kb5 Kd6 57. Kxa4 Kxd5 58. Kb3 Nd3 59. Kc2 e1Q 60. Bxe1 Nxe1+ 61. Kc3 Kc5 62. a4 Nf3 63. b4+ Kb6 64. Kc4 Ne5+ 65. Kd5 Nc6 66. b5 Na5 67. Kd4 Nb7 68. Kc4 Na5+ 1/2-1/2

[Event "IRL-ch (Women)"]
[Site "Limerick"]
[Date "2013.07.07"]
[Round "5"]
[White "Ui Laighleis, Gearoidin"]
[Black "Mirza, Diana"]
[Result "0-1"]
[WhiteElo "1865"]
[BlackElo "1683"]
[PlyCount "162"]
[EventDate "2013.07.05"]
[EventType "tourn"]
[EventRounds "5"]
[EventCountry "IRL"]
[SourceTitle "EXT 2014"]
[Source "ChessBase"]
[SourceDate "2013.11.20"]
[SourceVersion "1"]
[SourceVersionDate "2013.11.20"]
[SourceQuality "1"]

1. d4 Nf6 2. Nf3 g6 3. e3 Bg7 4. Bd3 d6 5. b3 0-0 6. Bb2 Nbd7 7. 0-0 Re8 8. Nbd2 e5 9. e4 exd4 10. Bxd4 Nc5 11. Bxc5 dxc5 12. Rb1 b6 13. Re1 Bb7 14. h3 Re7 15. Nh2 Qd4 16. Nhf3 Qd7 17. Re2 Nh5 18. Re1 Rae8 19. Bc4 Bc6 20. Re3 Bd4 21. Nxd4 cxd4 22. Re1 Bxe4 23. Rxe4 Rxe4 24. Nxe4 Rxe4 25. Qd3 Re5 26. Qf3 c5 27. Qa8+ Re8 28. Qf3 Ng7 29. a4 Re7 30. Qa8+ Qe8 31. Qf3 Nf5 32. Bb5 Qc8 33. Qg4 Nd6 34. Qg5 Qe6 35. Bd3 Qe5 36. Qg4 h5 37. Qf3 Qe6 38. Qa8+ Kg7 39. Qf3 Qf6 40. Qd5 Nb7 41. Qc4 Na5 42. Qb5 Nc6 43. Qa6 Nb4 44. Qc4 a6 45. Kf1 Rb7 46. a5 Qe6 47. Qxe6 fxe6 48. Be4 Rb8 49. axb6 Rxb6 50. Ra1 Kf6 51. Ra5 Rb5 52. Ra1 g5 53. g3 Ke5 54. Bg6 h4 55. Kg2 hxg3 56. fxg3 Kd5 57. h4 gxh4 58. gxh4 e5 59. h5 Rb6 60. Rh1 Rb8 61. Bf7+ Kd6 62. h6 Nxc2 63. h7 Rh8 64. Bg8 d3 65. Kf2 e4 66. Rh3 d2 67. Ke2 e3 68. Rh6+ Ke5 69. Rxa6 Nd4+ 70. Kd1 Nb5 71. Ra1 Kd4 72. Kc2 Nc3 73. Rh1 Ne4 74. Rh2 Nf2 75. Rh4+ Ke5 76. Rh5+ Kf4 77. Rd5 Kf3 78. Rd8 Ke2 79. Bc4+ Ke1 80. Rxh8 d1Q+ 81. Kb2 Qd4+ 0-1

[Event "Olympiad Women-40"]
[Site "Istanbul"]
[Date "2012.09.06"]
[Round "9.3"]
[White "Ui Laighleis, Gearoidin"]
[Black "Kurochkina, Elena"]
[Result "1-0"]
[WhiteElo "1894"]
[BlackElo "1797"]
[PlyCount "229"]
[EventDate "2012.08.28"]
[EventType "team-swiss"]
[EventRounds "11"]
[EventCountry "TUR"]
[SourceTitle "CBM 150 Extra"]
[Source "ChessBase"]
[SourceDate "2012.10.19"]
[SourceVersion "1"]
[SourceVersionDate "2012.10.19"]
[SourceQuality "1"]
[WhiteTeam "Ireland (W)"]
[BlackTeam "IPCA (W)"]
[WhiteTeamCountry "IRL"]

1. d4 f5 2. Nc3 d5 3. Bg5 h6 4. Bf4 c6 5. e3 Nf6 6. Be5 Kf7 7. Bxf6 exf6 8. Nf3 Bd6 9. Nh4 g6 10. Bd3 h5 11. 0-0 Qc7 12. g3 Nd7 13. Ne2 Nf8 14. Rc1 Be6 15. c4 dxc4 16. Bxc4 Bxc4 17. Rxc4 Nd7 18. Qb3 Kg7 19. Rcc1 Nb6 20. Nc3 Qd7 21. Ne2 Rhe8 22. Qd3 Nd5 23. a3 Re7 24. Ng2 Rae8 25. b4 a6 26. Nc3 Nxc3 27. Qxc3 Qe6 28. Qd3 Qd5 29. Nh4 Re6 30. Rc2 R6e7 31. Rcc1 Re6 32. Rfd1 R6e7 33. Qc4 Qxc4 34. Rxc4 Re4 35. Rcc1 R8e7 36. d5 cxd5 37. Rxd5 Be5 38. Rd2 Bc7 39. Rdc2 Bb6 40. Nf3 Rd7 41. Nh4 Re5 42. Nf3 Red5 43. Kf1 Kf7 44. Ke2 g5 45. Nd2 Ke7 46. Nb3 Kd6 47. Rd2 Ke6 48. Rxd5 Rxd5 49. Rc8 Kf7 50. Rh8 Kg6 51. Rc8 a5 52. Nc5 axb4 53. axb4 Bxc5 54. Rxc5 Rd7 55. Rc4 b5 56. Rd4 Rc7 57. Rd5 Rb7 58. h3 h4 59. gxh4 gxh4 60. Rd4 Kg5 61. Rd5 Kg6 62. Kf3 Rb6 63. Kf4 Rc6 64. Rxb5 Rc4+ 65. Kf3 Rc1 66. Rb8 Rb1 67. b5 Rb4 68. b6 Kf7 69. b7 Kg7 70. Ke2 Rb2+ 71. Kd3 Rb1 72. Kc4 Rc1+ 73. Kd5 Rb1 74. Ke6 Rb5 75. Kd6 Rb2 76. Kc5 Rc2+ 77. Kd5 Rb2 78. f3 Rb3 79. Kd6 Rb1 80. Kd5 Rb3 81. Kd4 Rb4+ 82. Kc3 Rb1 83. Kc4 Rc1+ 84. Kd5 Rb1 85. Kd6 Rb3 86. Ke6 Rxe3+ 87. Kxf5 Rxf3+ 88. Kg4 Rb3 89. Kxh4 Rb4+ 90. Kg3 Rb3+ 91. Kf2 Rb2+ 92. Ke1 Rb1+ 93. Kd2 Rb5 94. h4 Rb6 95. h5 Rb5 96. Ke3 Rb3+ 97. Ke4 Rb4+ 98. Kf5 Rb5+ 99. Ke6 Rb1 100. h6+ Kh7 101. Kxf6 Rf1+ 102. Ke6 Re1+ 103. Kd5 Rc1 104. Rc8 Rd1+ 105. Kc6 Rc1+ 106. Kb6 Rb1+ 107. Ka7 Ra1+ 108. Kb8 Rf1 109. Rc6 Rf8+ 110. Ka7 Rf7 111. Kb6 Rf8 112. Ka7 Rf7 113. Ka8 Re7 114. b8Q Rg7 115. hxg7 1-0

[Event "Olympiad Women-40"]
[Site "Istanbul"]
[Date "2012.09.03"]
[Round "6.2"]
[White "Makhlouf, Youmna"]
[Black "Ui Laighleis, Gearoidin"]
[Result "1-0"]
[WhiteElo "1950"]
[BlackElo "1894"]
[PlyCount "135"]
[EventDate "2012.08.28"]
[EventType "team-swiss"]
[EventRounds "11"]
[EventCountry "TUR"]
[SourceTitle "CBM 150 Extra"]
[Source "ChessBase"]
[SourceDate "2012.10.19"]
[SourceVersion "1"]
[SourceVersionDate "2012.10.19"]
[SourceQuality "1"]
[WhiteTeam "Lebanon (W)"]
[BlackTeam "Ireland (W)"]
[WhiteTeamCountry "LBN"]
[BlackTeamCountry "IRL"]

1. d4 d5 2. c4 e6 3. Nf3 Nf6 4. Nc3 Be7 5. Bf4 0-0 6. Rc1 c6 7. e3 Nbd7 8. a3 Re8 9. Bd3 Nf8 10. cxd5 exd5 11. h3 Ng6 12. Bh2 Bd6 13. 0-0 Bxh2+ 14. Nxh2 Bd7 15. b4 Ne7 16. b5 cxb5 17. Nxb5 Bxb5 18. Bxb5 Rf8 19. Be2 Rc8 20. Qb3 Rxc1 21. Rxc1 b6 22. Ng4 Ne4 23. Ne5 Nf6 24. Nc6 Qd7 25. Nxe7+ Qxe7 26. Rc6 Rd8 27. Bf3 Ne4 28. Bxe4 Qxe4 29. Rc7 Qe8 30. Rxa7 Qc6 31. Qa4 Qc1+ 32. Kh2 Qc8 33. Re7 h6 34. Qa7 Qb8+ 35. Qxb8 Rxb8 36. Ra7 b5 37. Kg3 g5 38. Rd7 b4 39. axb4 Rb5 40. Kg4 Kg7 41. Rd6 Rxb4 42. Rxd5 Rb2 43. Kf3 Rb6 44. Kg3 Kg6 45. e4 Kf6 46. Kg4 Kg6 47. f3 Rb2 48. Rd6+ Kg7 49. Kg3 Rb7 50. d5 Re7 51. Rc6 Rd7 52. Rc5 f6 53. Kf2 Kf7 54. g3 Ke7 55. f4 Kf7 56. e5 Ke7 57. Ke3 f5 58. d6+ Ke6 59. Rc7 Rxc7 60. dxc7 Kd7 61. c8Q+ Kxc8 62. Kd4 Kd7 63. Kd5 Ke7 64. h4 gxf4 65. gxf4 Kd7 66. e6+ Ke7 67. Ke5 h5 68. Kxf5 1-0

[Event "Olympiad Women-40"]
[Site "Istanbul"]
[Date "2012.08.31"]
[Round "4.2"]
[White "Gabriel, Irineia G"]
[Black "Ui Laighleis, Gearoidin"]
[Result "0-1"]
[WhiteElo "1492"]
[BlackElo "1894"]
[PlyCount "124"]
[EventDate "2012.08.28"]
[EventType "team-swiss"]
[EventRounds "11"]
[EventCountry "TUR"]
[SourceTitle "CBM 150 Extra"]
[Source "ChessBase"]
[SourceDate "2012.10.19"]
[SourceVersion "1"]
[SourceVersionDate "2012.10.19"]
[SourceQuality "1"]
[WhiteTeam "Angola (W)"]
[BlackTeam "Ireland (W)"]
[WhiteTeamCountry "ANG"]
[BlackTeamCountry "IRL"]

1. e4 e6 2. d4 d5 3. e5 c5 4. c3 Nc6 5. Nf3 Qb6 6. a3 Nh6 7. Bd3 Nf5 8. Bxf5 exf5 9. b4 cxd4 10. cxd4 Be6 11. 0-0 Be7 12. Nc3 0-0 13. Qd3 Rac8 14. Ne2 a6 15. Be3 Na7 16. Ng3 Qb5 17. Qd2 Rc4 18. Bg5 f6 19. exf6 Bxf6 20. Bxf6 Rxf6 21. Ne5 Qe8 22. Nxc4 dxc4 23. d5 Bd7 24. Rfe1 Qg6 25. Qf4 Rd6 26. Qxc4 b5 27. Qc7 Nc8 28. Qd8+ Kf7 29. Re5 Qf6 30. Qxf6+ Kxf6 31. Rae1 g6 32. h4 Nb6 33. h5 Nxd5 34. hxg6 hxg6 35. R5e2 Nf4 36. Rc2 Be6 37. Ne2 Nh5 38. Rc7 Bc4 39. Ng3 Nf4 40. Ree7 Be6 41. Re8 Rd1+ 42. Kh2 Rd2 43. Nf1 Rxf2 44. Ne3 Re2 45. Rc3 Kf7 46. Ra8 g5 47. Rxa6 g4 48. Kg1 Re1+ 49. Kf2 Re2+ 50. Kf1 Rd2 51. g3 Nh3 52. Ke1 Rd7 53. Rcc6 Ng5 54. Rd6 Rc7 55. Rac6 Nf3+ 56. Kf2 Re7 57. Ng2 Ng5 58. Rd8 Ne4+ 59. Ke3 Nxg3 60. Kf4 Ne2+ 61. Kg5 Ng3 62. Nf4 Ne4+ 0-1

[Event "Olympiad Women-38"]
[Site "Dresden"]
[Date "2008.11.25"]
[Round "11"]
[White "Nakagawa, Emiko"]
[Black "Ui Laighleis, Gearoidin"]
[Result "1/2-1/2"]
[WhiteElo "1860"]
[BlackElo "1935"]
[PlyCount "111"]
[EventDate "2008.11.13"]
[EventType "team-swiss"]
[EventRounds "11"]
[EventCountry "GER"]
[SourceTitle "CBM 128"]
[Source "ChessBase"]
[SourceDate "2009.01.28"]
[SourceVersion "1"]
[SourceVersionDate "2009.01.28"]
[SourceQuality "1"]
[WhiteTeam "Japan (W)"]
[BlackTeam "Ireland (W)"]
[WhiteTeamCountry "JPN"]
[BlackTeamCountry "IRL"]

1. d4 Nf6 2. c4 g6 3. Nf3 Bg7 4. g3 0-0 5. Bg2 d5 6. 0-0 c5 7. cxd5 cxd4 8. Nxd4 Nxd5 9. e3 Nb6 10. Nc3 e5 11. Ndb5 Qxd1 12. Rxd1 Nc6 13. b3 Bg4 14. f3 Bf5 15. Bb2 a6 16. Nd6 Rab8 17. Nxf5 gxf5 18. Nd5 Nxd5 19. Rxd5 Nb4 20. Rd2 Rfd8 21. Rad1 Rxd2 22. Rxd2 h6 23. Bh3 e4 24. Bxg7 Kxg7 25. Bxf5 exf3 26. Kf2 Nc6 27. Kxf3 Re8 28. Kf4 Re7 29. Rd7 Kf6 30. Rxe7 Nxe7 31. e4 b6 32. e5+ Kg7 33. Be4 a5 34. Ke3 f6 35. exf6+ Kxf6 36. Kd4 Ke6 37. g4 Kd6 38. h4 Ng8 39. g5 hxg5 40. hxg5 b5 41. Bh7 Ne7 42. g6 Nf5+ 43. Ke4 Ng7 44. Bg8 Kc5 45. a3 Kd6 46. Bf7 Kc5 47. Ke5 Nh5 48. Ke6 Ng7+ 49. Kd7 Kb6 50. Ke7 Kc5 51. Kf8 Nh5 52. g7 Nxg7 53. Kxg7 Kd4 54. Kf6 Kc3 55. Ke5 a4 56. bxa4 1/2-1/2

[Event "Olympiad Women-38"]
[Site "Dresden"]
[Date "2008.11.19"]
[Round "6"]
[White "Ui Laighleis, Gearoidin"]
[Black "Thornton, Filipina"]
[Result "1-0"]
[WhiteElo "1935"]
[BlackElo "1835"]
[PlyCount "85"]
[EventDate "2008.11.13"]
[EventType "team-swiss"]
[EventRounds "11"]
[EventCountry "GER"]
[SourceTitle "CBM 128"]
[Source "ChessBase"]
[SourceDate "2009.01.28"]
[SourceVersion "1"]
[SourceVersionDate "2009.01.28"]
[SourceQuality "1"]
[WhiteTeam "Ireland (W)"]
[BlackTeam "Malta (W)"]
[WhiteTeamCountry "IRL"]
[BlackTeamCountry "MLT"]

1. d4 d5 2. Nf3 Nf6 3. e3 e6 4. Bd3 c5 5. c3 Nbd7 6. Nbd2 Bd6 7. 0-0 0-0 8. Re1 Qc7 9. h3 e5 10. dxe5 Nxe5 11. Nxe5 Bxe5 12. Nf3 Bd6 13. c4 dxc4 14. Bxc4 b6 15. b3 Bb7 16. Bb2 Rad8 17. Qe2 Be7 18. Rad1 h6 19. Rxd8 Rxd8 20. Rd1 Ba8 21. Rxd8+ Qxd8 22. Ne5 Bd5 23. Qd3 Qa8 24. Bxd5 Nxd5 25. Nc4 Nb4 26. Qd7 Qe4 27. Qe8+ Kh7 28. Qxf7 Qg6 29. Qxe7 b5 30. Nd2 Nd3 31. Ba1 a5 32. Qb7 b4 33. Qe4 Nc1 34. Qxg6+ Kxg6 35. Ne4 Nd3 36. Nd6 Nc1 37. Nb7 Nxa2 38. Nxa5 Nc1 39. Be5 Kf7 40. Bg3 Nxb3 41. Nxb3 c4 42. Nd4 c3 43. Bd6 1-0

[Event "IRL-ch"]
[Site "Dublin"]
[Date "2008.07.05"]
[Round "1"]
[White "Orr, Mark JL"]
[Black "Ui Laighleis, Gearoidin"]
[Result "1-0"]
[WhiteElo "2258"]
[BlackElo "1985"]
[PlyCount "59"]
[EventDate "2008.07.05"]
[EventType "swiss"]
[EventRounds "9"]
[EventCountry "IRL"]
[SourceTitle "CBM 125 Extra"]
[Source "ChessBase"]
[SourceDate "2008.09.01"]
[SourceVersion "1"]
[SourceVersionDate "2008.09.01"]
[SourceQuality "1"]

1. d4 d5 2. c4 e6 3. Nc3 Nf6 4. Bg5 Be7 5. Nf3 0-0 6. e3 c6 7. Qc2 Nbd7 8. 0-0-0 Re8 9. h4 dxc4 10. Bxc4 Nd5 11. e4 Nxc3 12. Qxc3 a5 13. Kb1 a4 14. Bd3 Qa5 15. Rc1 a3 16. b3 Qxc3 17. Rxc3 Bf8 18. Be3 h6 19. Nd2 Nf6 20. f3 Rd8 21. Be2 Bd7 22. g4 Nh7 23. Nf1 Be7 24. Ng3 Be8 25. f4 f6 26. Rc2 Ra5 27. Bc4 Bf7 28. g5 fxg5 29. hxg5 hxg5 30. Rch2 1-0

[Event "IRL-ch"]
[Site "Dublin"]
[Date "2007.07.05"]
[Round "6"]
[White "Ui Laighleis, Gearoidin"]
[Black "McCarthy, Tim"]
[Result "1/2-1/2"]
[WhiteElo "1986"]
[BlackElo "2085"]
[PlyCount "58"]
[EventDate "2007.06.30"]
[EventType "swiss"]
[EventRounds "9"]
[EventCountry "IRL"]
[SourceTitle "CBM 119 Extra"]
[Source "ChessBase"]
[SourceDate "2007.09.04"]
[SourceVersion "1"]
[SourceVersionDate "2007.09.04"]
[SourceQuality "1"]

1. d4 Nf6 2. Nf3 e6 3. e3 d5 4. Bd3 c5 5. c3 Nc6 6. Nbd2 Bd6 7. 0-0 0-0 8. h3 e5 9. dxe5 Nxe5 10. Nxe5 Bxe5 11. e4 dxe4 12. Nxe4 b6 13. Qf3 Be6 14. Bg5 h6 15. Nxf6+ Bxf6 16. Bxf6 Qxf6 17. Qxf6 gxf6 18. Bc2 Rfd8 19. a3 Rd2 20. Rac1 Rad8 21. Rfd1 Kg7 22. Re1 f5 23. Re3 Kf6 24. Rf3 Kg6 25. Rg3+ Kf6 26. Rf3 R8d5 27. Re3 Rd8 28. Rf3 R8d6 29. Re3 Rd8 1/2-1/2

[Event "IRL-ch"]
[Site "Dublin"]
[Date "2007.06.30"]
[Round "1"]
[White "Ui Laighleis, Gearoidin"]
[Black "Keogh, Eamon"]
[Result "1-0"]
[WhiteElo "1986"]
[BlackElo "2074"]
[PlyCount "65"]
[EventDate "2007.06.30"]
[EventType "swiss"]
[EventRounds "9"]
[EventCountry "IRL"]
[SourceTitle "CBM 119 Extra"]
[Source "ChessBase"]
[SourceDate "2007.09.04"]
[SourceVersion "1"]
[SourceVersionDate "2007.09.04"]
[SourceQuality "1"]

1. d4 Nf6 2. Nf3 c6 3. e3 g6 4. Bd3 d5 5. Nbd2 Bg7 6. 0-0 0-0 7. Re1 b5 8. c3 Nbd7 9. e4 dxe4 10. Nxe4 Nxe4 11. Bxe4 Qc7 12. Bg5 e6 13. Bh4 f5 14. Bc2 Re8 15. Bg3 f4 16. Bh4 Nf8 17. g3 Bh6 18. Bg5 Bxg5 19. Nxg5 fxg3 20. fxg3 c5 21. Ne4 Nd7 22. dxc5 Nxc5 23. Nf6+ Kf7 24. Nxe8 Kxe8 25. Qd4 Qe7 26. Qh8+ Kd7 27. Rad1+ Kc6 28. Qd8 Qc7 29. Qxc7+ Kxc7 30. Rf1 a5 31. Rf7+ Nd7 32. Rxh7 Ra6 33. Bxg6 1-0

[Event "US Amateur West-ch"]
[Site "Palo Verde"]
[Date "2003.05.26"]
[Round "6"]
[White "Holland, Morry"]
[Black "Ui Laighleis, Gearoidin"]
[Result "1/2-1/2"]
[WhiteElo "1806"]
[BlackElo "1544"]
[PlyCount "43"]
[EventDate "2003.05.24"]
[EventType "swiss"]
[EventRounds "6"]
[EventCountry "USA"]
[SourceTitle "EXT 2014"]
[Source "ChessBase"]
[SourceDate "2013.11.20"]
[SourceVersion "1"]
[SourceVersionDate "2013.11.20"]
[SourceQuality "1"]

1. e4 e6 2. g3 b6 3. Bg2 Bb7 4. d3 d5 5. exd5 exd5 6. Nc3 Nf6 7. Nge2 Be7 8. 0-0 0-0 9. Bg5 Nbd7 10. Nd4 Rb8 11. Re1 Bc5 12. Nb3 d4 13. Nb5 Bxg2 14. Kxg2 Bb4 15. Re2 Nc5 16. N5xd4 Nxb3 17. axb3 Qxd4 18. Bxf6 Qxf6 19. Rxa7 Qc6+ 20. f3 Ra8 21. c3 Bd6 22. Rc2 1/2-1/2